| 000 | 01281cam a2200289 4500 | ||
|---|---|---|---|
| 008 | 030717n2003 000 0 eng u | ||
| 020 | _a1851126546 | ||
| 035 | _a(Sirsi) u123039 | ||
| 041 | _aeng | ||
| 050 |
_a711.58 _c18 |
||
| 110 |
_aUnited Kingdom _bOffice of the Deputy Prime Minister |
||
| 245 |
_aDelivering planning policy for housing _bPPG3 implementation study |
||
| 260 |
_aLondon _bODPM _c2003 |
||
| 300 |
_a65p. _c30cm. |
||
| 350 | _a12 | ||
| 520 | _aExamines the implementation of PPG3 through the take up of its policies in local authority development plans and their application through development control. Topics covered include: widening housing opportunity and choice; maintaining a supply of housing; creating sustainable residential environments; definitions; and towards better implementation. View report at www.odpm.gov.uk/. | ||
| 650 | _aLOCAL DEVELOPMENT PLANS | ||
| 650 | _aDEVELOPMENT CONTROL | ||
| 650 | _aPLANNING POLICY | ||
| 650 |
_aSustainability _96271 |
||
| 650 | _aPPG3 | ||
| 650 | _aHOUSING POLICY | ||
| 650 | _aHOUSING SUPPLY | ||
| 690 |
_aPlanning and development _96259 |
||
| 856 |
_uhttps://www.communities.gov.uk/index.asp?id=1145417 _zView "Delivering planning policy for housing" on the ODPM website... |
||
| 942 | _n0 | ||
| 999 |
_c102983 _d102983 |
||